000 00852nam a22002537a 4500
003 dpl
005 20180809125908.0
008 180809b xxu||||| |||| 00| 0 eng d
010 _aA-945499
020 _a8173912688
_c00.00
035 _aA-945499, A-945503
037 _bCen Lib/Ret
040 _aDPL
_bEN
_c0
082 _a305.4
_bSIK
100 _aSikri,Rehana
_97023
245 _aWomen in islamic culture and society :
_cby Rehana Sikri
_bAstudy of family, feminism and franchise /
260 _aNew Delhi
_bKanishka publishers distributors
_c1999
270 _a4697/5-21A, Ansari road Darya Ganj
_bNew Delhi
_e110002
300 _a328p.
_c21cm(Hb)
500 _aIncludes index
650 _aWomen in islamic -culture and society
_97024
650 _aWomen status -islam religion
_97025
942 _2ddc
_cEN
_h305.4
_mSIK
999 _c123583
_d123583